000 00273nam a2200121Ia 4500
008 190216s9999||||xx |||||||||||||| ||und||
100 _aSundararaju R
245 0 _aReflections
260 _bPublications Division
_c1998
300 _a71p
650 _aEnglish
942 _cBK
999 _c14156
_d14156